000 01695nam a2200529 i 4500
001 38178
003 KOSZ 005
005 20190905123500.0
008 000822s2000 pl a r f f |000 0 pol
015 _aPB 2000/15927
020 _a8372071861
035 _a991014543319705066
035 _a(PL-WaBN)b13910127-48omnis_nlop
035 _ab13910127
035 _a(OCoLC)749505270
035 _a(PL)b0000001391012
035 _a(EXLNZ-48OMNIS_NETWORK)9910188876205606
040 _aWA N
_cWA N
_dKOSZ 005/HR
041 0 _apol
046 _k2000
080 _a628.5
080 _a628.3
080 _a(075.8)
100 1 _aBartkiewicz, Bronisław
_eAutor
245 1 0 _aŚcieki przemysłowe /
_cBronisław Bartkiewicz.
250 _aWyd. 2 popr.
260 _aWarszawa :
_bOficyna Wydawnicza Politechniki Warszawskiej,
_c2000.
300 _a198 s. :
_bil. ;
_c24 cm.
336 _2rdacontent
_aTekst
_btxt
337 _2rdamedia
_aBez urządzenia pośredniczącego
_bn
338 _2rdacarrier
_aWolumin
_bnc
380 _aKsiążki
380 _aPublikacje dydaktyczne
385 _mPoziom nauczania
_aSzkoły wyższe
388 _a1901-2000
388 _a1989-2000
504 _aBibliogr.
650 7 _aOczyszczalnia ścieków
_2DBN
650 7 _aŚcieki przemysłowe
_2DBN
650 7 _aOczyszczanie ścieków
655 7 _aPodręczniki akademickie
_2DBN
658 _aInżynieria i technika
710 2 _aOficyna Wydawnicza Politechniki Warszawskiej
_4pbl
856 _uhttp://koha.tu.koszalin.pl/cgi-bin/koha/opac-detail.pl?biblionumber=38178
_yKatalog online BPK
942 _2UKD
_cKS
999 _c38178
_d38178